¿Son apropiadas todas las pruebas de valoración de la visión funcional? (Record no. 115820)

MARC details
000 -CABECERA
campo de control de longitud fija 00644nab a2200217 a 4500
005 - FECHA Y HORA DE LA ÚLTIMA TRANSACCIÓN
campo de control 20210219155350.0
008 - ELEMENTOS DE LONGITUD FIJA--INFORMACIÓN GENERAL
campo de control de longitud fija 991125s1985 mx 000 0 spa u
035 ## - NÚMERO DE CONTROL DEL SISTEMA
Número de control de sistema UPN01000143673
100 1# - ASIENTO PRINCIPAL--NOMBRE PERSONAL
Nombre de persona López Justicia, María Dolores
222 ## - TÍTULO CLAVE
Título clave INFANCIA Y APRENDIZAJE =
222 ## - TÍTULO CLAVE
Información calificativa JOURNAL FOR THE STUDY OF EDUCATION AND DEVELOPMENT
245 ## - MENCIÓN DE TÍTULO
Título ¿Son apropiadas todas las pruebas de valoración de la visión funcional?
260 ## - PUBLICACIÓN, DISTRIBUCIÓN, ETC.
Lugar de publicación, distribución, etc. Madrid, España
300 ## - DESCRIPCIÓN FÍSICA
Extensión 71-83
362 0# - FECHAS DE PUBLICACIÓN Y/O DESIGNACIÓN SECUENCIAL
Fecha de publicación y/o designación secuencial 2000 No. 92
653 0# - TERMINO DE INDIZACION - NO CONTROLADO
Término no controlado NIÑOS
653 0# - TERMINO DE INDIZACION - NO CONTROLADO
Término no controlado VISION BAJA
653 0# - TERMINO DE INDIZACION - NO CONTROLADO
Término no controlado ESPAÑA
700 1# - ASIENTO SECUNDARIO--NOMBRE DE PERSONAL
Nombre de persona Martos, Francisco J., coaut.
905 ## - TIPO DE MATERIAL
Tipo de material Articulo

No items available.